Capital Cities Beginning With K - Statistics

General Stats
  • This quiz has been taken 38 times
  • The average score is 7 of 11
Answer Stats
Answer % Correct
Kathmandu
80%
Kinshasa
74%
Kabul
71%
Kiev
71%
Kigali
69%
Kingston
69%
Kingstown
69%
Kuala Lumpur
66%
Kuwait City
63%
Khartoum
60%
Kampala
57%
No matching quizzes found
Score Distribution
Percent of People with Each Score
Percentile by Number Answered
Your Score History
You have not taken this quiz